Sports Quiz

Random Sports Quiz

Can you name the 10+ PL apps in 2018-19? (L-N) Quiz Stats

 Plays Quiz not verified by Sporcle

Score 0/99 Timer 20:00
0 Plays Today
Club Player % Correct
LiverpoolMohamed Salah
95%
LiverpoolSadio Mane
94.1%
LeicesterJamie Vardy
93.9%
LiverpoolRoberto Firmino
91.6%
LiverpoolAndrew Robertson
91.2%
LiverpoolVirgil van Dijk
91.1%
LiverpoolTrent Alexander-Arnold
89.9%
LiverpoolJordan Henderson
89.8%
Manchester CitySergio Aguero
89.6%
LiverpoolAlisson
89.3%
Manchester CityBernardo Silva
88.4%
Manchester UnitedDavid de Gea
88.4%
Manchester CityDavid Silva
88.1%
LiverpoolJames Milner
87.5%
Manchester CityRaheem Sterling
87%
Manchester UnitedMarcus Rashford
87%
Manchester CityEderson
86.7%
Manchester UnitedRomelu Lukaku
86.4%
Manchester CityVincent Kompany
86.4%
LiverpoolJoel Matip
85.5%
Manchester UnitedPaul Pogba
85.2%
Manchester UnitedPhil Jones
85%
Manchester UnitedChris Smalling
84.9%
Manchester CityLeroy Sane
84.5%
Manchester CityKyle Walker
84%
LiverpoolDejan Lovren
83.2%
LeicesterKasper Schmeichel
82.7%
Manchester CityGabriel Jesus
82.4%
Manchester CityAymeric Laporte
81.6%
LiverpoolDivock Origi
81%
Manchester CityJohn Stones
80.8%
LiverpoolFabinho
80.7%
Manchester UnitedAshley Young
80.3%
Club Player % Correct
Manchester UnitedLuke Shaw
80.1%
Manchester CityFernandinho
79.9%
LiverpoolJoe Gomez
79.7%
LeicesterNampalys Mendy
79.3%
Manchester CityBenjamin Mendy
79.3%
Manchester CityKevin De Bruyne
78.2%
LiverpoolNaby Keita
77.7%
LiverpoolDaniel Sturridge
77.2%
Manchester UnitedAnthony Martial
77.2%
LiverpoolGeorginio Wijnaldum
76.5%
LeicesterHarry Maguire
75.9%
Manchester UnitedJesse Lingard
75.8%
LeicesterWes Morgan
75.6%
Manchester CityRiyad Mahrez
74.7%
LeicesterJames Maddison
74%
LiverpoolXherdan Shaqiri
74%
LeicesterBen Chilwell
72.1%
Manchester UnitedVictor Lindelof
72%
Manchester CityOleksandr Zinchenko
71.7%
Manchester CityNicolas Otamendi
71.6%
NewcastleSalomon Rondon
71.2%
Manchester UnitedNemanja Matic
70.9%
Manchester UnitedJuan Mata
70.4%
NewcastleAyoze Perez
69.7%
Manchester UnitedAnder Herrera
69.3%
Manchester CityPhil Foden
67.9%
Manchester CityIlkay Gundogan
67.4%
Manchester UnitedAlexis Sanchez
67.2%
LeicesterWilfred Ndidi
65.7%
Manchester UnitedEric Bailly
65.7%
Manchester CityFabian Delph
65.2%
Manchester UnitedScott McTominay
65.1%
Manchester UnitedDiogo Dalot
61.9%
Club Player % Correct
Manchester UnitedAndreas Pereira
61.9%
LeicesterRichardo Pereira
61.7%
NewcastleJonjo Shelvey
61.3%
LeicesterDemarai Gray
57.2%
LeicesterMarc Albrighton
56.5%
Manchester UnitedFred
56%
LeicesterJonny Evans
55.1%
LiverpoolAdam Lallana
54.4%
Manchester CityDanilo
54%
NewcastleJamaal Lascelles
53.5%
NewcastleMatt Ritchie
53%
NewcastleMartin Dubravka
51.8%
LeicesterShinji Okazaki
50.9%
NewcastleFabian Schar
50%
LeicesterKelechi Iheanacho
44.2%
NewcastleDeAndre Yedlin
43.7%
LeicesterYouri Tielemans
41.6%
NewcastlePaul Dummett
36.9%
NewcastleMiguel Almiron
36.9%
LeicesterHarvey Barnes
34.2%
NewcastleMohamed Diame
33.9%
NewcastleKi Sung-yeung
33.6%
NewcastleChristian Atsu
30.9%
NewcastleIsaac Hayden
29.6%
Manchester UnitedMarouane Fellaini
29.3%
NewcastleKenedy
29.1%
NewcastleJavier Manquillo
24.4%
NewcastleJoselu
21.7%
NewcastleYoshinori Muto
20.1%
NewcastleFederico Fernandez
20%
NewcastleCiaran Clark
19.8%
NewcastleFlorian Lejeune
18.1%
LeicesterRachid Ghezzal
17.9%

You're not logged in!

Compare scores with friends on all Sporcle quizzes.
OR
Log In

Show Comments

Extras

Created May 16, 2019ReportNominate
Tags:app, appearance, club, player

Top Quizzes Today


Score Distribution

Your Account Isn't Verified!

In order to create a playlist on Sporcle, you need to verify the email address you used during registration. Go to your Sporcle Settings to finish the process.

Report this User

Report this user for behavior that violates our Community Guidelines.

Details: